Virtuálny regulátor UDC 3300 Honeywell - aplikačný softvér : Diplomová práca

Gespeichert in:
Bibliographische Detailangaben
1. Verfasser: Bezák, Tomáš, 1980- (Verfasst von)
Weitere Verfasser: Mudrončík, Dušan, 1947- (xxx)
Format: Manuskript Buch
Sprache:Slowakisch
Veröffentlicht: Trnava : STU v Bratislave MtF KAIA, 2004
Schlagworte:
Tags: Tag hinzufügen
Keine Tags, Fügen Sie das erste Tag hinzu!

MARC

LEADER 00000ntm a22000003a 4500
001 stu89210
005 20150617225628.6
008 040727s2004----xo------------------slo-d
040 |a STU  |b slo 
041 0 |a slo 
044 |a xo 
100 1 |a Bezák, Tomáš,  |d 1980-  |4 aut  |u M6000  |U MTF Materiálovotechnologická fakulta  |T MTF Ústav aplikovanej informatiky, automatizácie a matematiky  |X 4614  |U M6000  |Y 86  |7 A000004614 
245 1 |a Virtuálny regulátor UDC 3300 Honeywell - aplikačný softvér :  |b Diplomová práca 
260 |a Trnava :  |b STU v Bratislave MtF KAIA,  |c 2004 
300 |a 86 s  |c príl (CD) 
650 7 |a aplikovaná informatika a automatizácia v priemysle  |2 stusub 
700 1 |a Mudrončík, Dušan,  |d 1947-  |4 xxx  |u M6000  |U MTF Materiálovotechnologická fakulta  |T MTF Ústav aplikovanej informatiky, automatizácie a matematiky  |X 505  |U M6000  |Y 86  |7 A000000505 
996 |b 284M059901  |c M*DP-5148  |l MMSKP  |s P  |a 0  |w stu89210_0001